[Event "Team men PL final"]
[Site "Sochi"]
[Date "2018.05.07"]
[Round "6.23"]
[White "Palchun, Grigory"]
[Black "Bologan, Victor"]
[Result "1-0"]
[BlackElo "2610"]
[WhiteElo "2454"]
[LiveChessVersion "1.4.8"]

1. d4 {[%clk 1:30:55]} d5 {[%clk 1:30:53]} 2. Bf4 {[%clk 1:31:15]} c5
{[%clk 1:30:57]} 3. e3 {[%clk 1:31:16]} Nc6 {[%clk 1:31:14]} 4. c3
{[%clk 1:30:54]} Nf6 {[%clk 1:31:17]} 5. Nd2 {[%clk 1:30:57]} Bf5
{[%clk 1:31:28]} 6. Ngf3 {[%clk 1:30:32]} Qb6 {[%clk 1:31:45]} 7. Qb3
{[%clk 1:28:47]} c4 {[%clk 1:30:44]} 8. Qxb6 {[%clk 1:29:11]} axb6
{[%clk 1:31:10]} 9. a3 {[%clk 1:29:33]} b5 {[%clk 1:30:40]} 10. Rc1
{[%clk 1:29:54]} h6 {[%clk 1:29:55]} 11. h3 {[%clk 1:27:04]} Nd7 {[%clk 1:25:10]}
12. g4 {[%clk 1:27:00]} Bh7 {[%clk 1:25:18]} 13. Bg2 {[%clk 1:24:42]} f6
{[%clk 1:05:31]} 14. Bh2 {[%clk 1:11:00]} e5 {[%clk 1:00:47]} 15. Nh4
{[%clk 1:03:48]} exd4 {[%clk 0:45:34]} 16. exd4 {[%clk 1:03:31]} Nb6
{[%clk 0:44:46]} 17. O-O {[%clk 0:45:31]} O-O-O {[%clk 0:35:44]} 18. Nf5
{[%clk 0:42:58]} h5 {[%clk 0:32:35]} 19. Rfe1 {[%clk 0:25:52]} hxg4
{[%clk 0:31:51]} 20. hxg4 {[%clk 0:26:20]} Bxf5 {[%clk 0:14:41]} 21. gxf5
{[%clk 0:26:45]} Bd6 {[%clk 0:14:44]} 22. Bxd6 {[%clk 0:26:51]} Rxd6
{[%clk 0:15:10]} 23. Nf1 {[%clk 0:26:08]} Kd8 {[%clk 0:14:45]} 24. Ng3
{[%clk 0:24:27]} Ne7 {[%clk 0:14:41]} 25. Bf3 {[%clk 0:20:10]} Nbc8
{[%clk 0:12:36]} 26. Kg2 {[%clk 0:20:07]} Kc7 {[%clk 0:11:51]} 27. Bg4
{[%clk 0:19:39]} Rdd8 {[%clk 0:08:54]} 28. Rh1 {[%clk 0:16:16]} Nd6
{[%clk 0:09:13]} 29. Rce1 {[%clk 0:15:37]} Kd7 {[%clk 0:07:36]} 30. Nh5
{[%clk 0:12:05]} Nf7 {[%clk 0:06:47]} 31. Re3 {[%clk 0:09:42]} Nh6
{[%clk 0:06:23]} 32. Bh3 {[%clk 0:09:36]} Rhg8 {[%clk 0:04:19]} 33. Rg3
{[%clk 0:07:40]} Ke8 {[%clk 0:03:06]} 34. Nxg7+ {[%clk 0:05:53]} Kf7
{[%clk 0:03:31]} 35. Ne6 {[%clk 0:06:01]} Rb8 {[%clk 0:01:09]} 36. Kf3
{[%clk 0:03:57]} Nexf5 {[%clk 0:00:43]} 37. Bxf5 {[%clk 0:04:14]} Nxf5
{[%clk 0:00:55]} 38. Rxg8 {[%clk 0:04:40]} Rxg8 {[%clk 0:01:14]} 39. Nc7
{[%clk 0:04:59]} Rd8 {[%clk 0:01:05]} 40. Nxb5 {[%clk 0:33:24]} Kg6
{[%clk 0:31:10]} 41. Nc7 {[%clk 0:33:05]} Rd6 {[%clk 0:27:07]} 42. Kf4
{[%clk 0:31:10]} Ne7 {[%clk 0:26:03]} 43. Rg1+ {[%clk 0:29:53]} Kf7
{[%clk 0:26:22]} 44. Rg7+ {[%clk 0:29:58]} Kf8 {[%clk 0:26:46]} 45. Rh7
{[%clk 0:30:15]} Rc6 {[%clk 0:22:11]} 46. Nb5 {[%clk 0:30:01]} Rb6
{[%clk 0:16:57]} 47. a4 {[%clk 0:30:22]} Ra6 {[%clk 0:17:23]} 48. Kg4
{[%clk 0:24:19]} Rxa4 {[%clk 0:16:22]} 49. Nd6 {[%clk 0:24:37]} Ra2
{[%clk 0:13:51]} 50. Rf7+ {[%clk 0:24:51]} 1-0

[Event "Team men PL final"]
[Site "Sochi"]
[Date "2018.05.07"]
[Round "6.24"]
[White "Lysyj, Igor"]
[Black "Pershin, Denis"]
[Result "1/2-1/2"]
[BlackElo "2392"]
[WhiteElo "2630"]
[LiveChessVersion "1.4.8"]

1. Nf3 {[%clk 1:30:55]} d5 {[%clk 1:30:50]} 2. g3 {[%clk 1:31:20]} Nf6
{[%clk 1:27:23]} 3. Bg2 {[%clk 1:31:30]} Bg4 {[%clk 1:27:46]} 4. O-O
{[%clk 1:30:58]} c6 {[%clk 1:24:30]} 5. h3 {[%clk 1:30:20]} Bxf3 {[%clk 1:18:43]}
6. Bxf3 {[%clk 1:30:02]} Nbd7 {[%clk 1:19:08]} 7. d4 {[%clk 1:29:20]} e5
{[%clk 1:18:34]} 8. c4 {[%clk 1:25:53]} dxc4 {[%clk 1:16:58]} 9. Nd2
{[%clk 1:26:11]} exd4 {[%clk 1:14:37]} 10. Nxc4 {[%clk 1:26:32]} Nb6
{[%clk 1:06:17]} 11. Qb3 {[%clk 1:16:51]} Be7 {[%clk 1:04:46]} 12. a4
{[%clk 1:06:33]} O-O {[%clk 1:02:15]} 13. a5 {[%clk 1:06:23]} Nxc4
{[%clk 1:02:38]} 14. Qxc4 {[%clk 1:06:50]} Qd7 {[%clk 1:02:23]} 15. a6
{[%clk 0:50:13]} b5 {[%clk 1:00:01]} 16. Qxc6 {[%clk 0:49:28]} Qxh3
{[%clk 1:00:24]} 17. Bg5 {[%clk 0:25:16]} Qf5 {[%clk 0:43:07]} 18. Bxf6
{[%clk 0:20:47]} Bxf6 {[%clk 0:43:30]} 19. Rac1 {[%clk 0:20:22]} Rae8
{[%clk 0:29:36]} 20. Rc5 {[%clk 0:17:37]} Re5 {[%clk 0:28:36]} 21. Rxe5
{[%clk 0:17:05]} Bxe5 {[%clk 0:27:24]} 22. Rc1 {[%clk 0:11:56]} d3
{[%clk 0:24:24]} 23. Be4 {[%clk 0:11:12]} Qg5 {[%clk 0:21:44]} 24. Bxd3
{[%clk 0:10:46]} Bxb2 {[%clk 0:15:41]} 25. Rc5 {[%clk 0:09:21]} Qg4
{[%clk 0:15:06]} 26. Rxb5 {[%clk 0:07:38]} Rc8 {[%clk 0:11:15]} 27. Qe4
{[%clk 0:08:05]} Qxe4 {[%clk 0:11:31]} 28. Bxe4 {[%clk 0:06:30]} Bd4
{[%clk 0:10:44]} 29. Rb7 {[%clk 0:06:01]} Kf8 {[%clk 0:11:11]} 30. Bd5 Rc5
{[%clk 0:11:40]} 31. Rxf7+ {[%clk 0:05:05]} Ke8 {[%clk 0:12:07]} 32. Bb3
{[%clk 0:03:26]} Rc3 {[%clk 0:12:32]} 33. Rb7 {[%clk 0:04:09]} Rxg3+
{[%clk 0:12:55]} 34. Kf1 {[%clk 0:04:22]} Rg5 {[%clk 0:12:32]} 35. e3
{[%clk 0:03:57]} Bc5 36. Ke2 {[%clk 0:02:56]} h5 {[%clk 0:09:54]} 37. Be6
{[%clk 0:02:56]} Re5 38. Bf7+ {[%clk 0:02:56]} Kd8 {[%clk 0:09:39]} 39. Bg6
{[%clk 0:02:36]} Re7 {[%clk 0:07:37]} 40. Rb5 {[%clk 0:31:23]} Re5
{[%clk 0:36:55]} 41. Rb7 {[%clk 0:10:56]} Re7 {[%clk 0:35:43]} 42. Rb8+
{[%clk 0:11:09]} Kc7 {[%clk 0:36:07]} 43. Rh8 {[%clk 0:11:14]} Re6
{[%clk 0:35:12]} 44. Bxh5 {[%clk 0:08:43]} Ba3 45. Bg4 Rxa6 {[%clk 0:31:59]} 46.
Rc8+ {[%clk 0:09:10]} Kd6 {[%clk 0:29:07]} 47. Re8 {[%clk 0:08:29]} Ra5
{[%clk 0:23:27]} 48. f4 {[%clk 0:07:34]} g5 {[%clk 0:19:08]} 49. f5
{[%clk 0:06:33]} Re5 {[%clk 0:17:55]} 50. Rc8 {[%clk 0:06:42]} Ke7
{[%clk 0:17:16]} 51. Kd3 {[%clk 0:04:28]} Bd6 {[%clk 0:15:18]} 52. Rc6
{[%clk 0:03:08]} Rd5+ {[%clk 0:12:52]} 53. Ke4 {[%clk 0:03:28]} Rd2
{[%clk 0:11:40]} 54. Ra6 {[%clk 0:03:39]} Kf6 {[%clk 0:10:00]} 55. Bh5
{[%clk 0:02:38]} g4 {[%clk 0:09:07]} 56. Bxg4 {[%clk 0:03:02]} Kg5
{[%clk 0:09:31]} 57. Bf3 {[%clk 0:03:18]} Kf6 {[%clk 0:09:35]} 58. Bg4
{[%clk 0:03:34]} Kg5 {[%clk 0:09:56]} 59. Be2 {[%clk 0:01:05]} Kh4
{[%clk 0:06:20]} 60. f6 {[%clk 0:00:53]} Bc5 {[%clk 0:06:36]} 61. Ra5
{[%clk 0:01:07]} Bf8 {[%clk 0:02:47]} 62. Bc4 {[%clk 0:01:03]} Rf2
{[%clk 0:02:19]} 63. Ke5 {[%clk 0:01:09]} Bb4 {[%clk 0:02:43]} 64. Rxa7
{[%clk 0:01:06]} Bc3+ {[%clk 0:03:11]} 65. Ke4 {[%clk 0:01:31]} Bxf6
{[%clk 0:03:19]} 66. Ra5 {[%clk 0:01:53]} Bg5 {[%clk 0:03:15]} 67. Ra1
{[%clk 0:01:56]} Rh2 {[%clk 0:03:20]} 68. Be6 {[%clk 0:02:13]} Re2
{[%clk 0:03:28]} 69. Rh1+ {[%clk 0:02:24]} Kg3 {[%clk 0:03:54]} 70. Rg1+
{[%clk 0:02:11]} Kh4 {[%clk 0:04:18]} 71. Kf5 {[%clk 0:01:18]} Rf2+
{[%clk 0:04:33]} 72. Ke4 {[%clk 0:01:43]} Re2 {[%clk 0:04:59]} 73. Rh1+
{[%clk 0:00:46]} Kg3 {[%clk 0:05:22]} 1/2-1/2

[Event "Team men PL final"]
[Site "Sochi"]
[Date "2018.05.07"]
[Round "6.25"]
[White "Artemiev, Vladislav"]
[Black "Shinkevich, Vitaly"]
[Result "1-0"]
[BlackElo "2433"]
[WhiteElo "2704"]
[LiveChessVersion "1.4.8"]

1. Nf3 {[%clk 1:29:48]} Nf6 {[%clk 1:30:03]} 2. c4 {[%clk 1:29:56]} c5
{[%clk 1:29:33]} 3. b3 {[%clk 1:28:18]} g6 {[%clk 1:27:26]} 4. Bb2
{[%clk 1:28:32]} Bg7 {[%clk 1:27:51]} 5. g3 {[%clk 1:28:55]} O-O {[%clk 1:27:36]}
6. Bg2 {[%clk 1:29:18]} Nc6 {[%clk 1:23:13]} 7. O-O {[%clk 1:27:52]} d6
{[%clk 1:23:22]} 8. d4 {[%clk 1:27:46]} cxd4 {[%clk 1:17:56]} 9. Nxd4
{[%clk 1:28:08]} Bd7 {[%clk 1:18:24]} 10. Nc2 {[%clk 1:22:06]} Qa5
{[%clk 1:13:22]} 11. Nc3 {[%clk 1:21:34]} Ng4 {[%clk 1:00:53]} 12. Qd2
{[%clk 1:14:16]} Qh5 {[%clk 0:41:56]} 13. h3 {[%clk 1:11:55]} Nf6
{[%clk 0:41:42]} 14. h4 {[%clk 1:11:19]} Ng4 {[%clk 0:35:13]} 15. Rad1
{[%clk 1:05:49]} f5 {[%clk 0:14:30]} 16. f4 {[%clk 1:03:10]} h6 {[%clk 0:11:29]}
17. Na4 {[%clk 0:57:28]} e5 {[%clk 0:05:28]} 18. Qxd6 {[%clk 0:54:48]} Rad8
{[%clk 0:05:51]} 19. Qc7 {[%clk 0:53:32]} g5 {[%clk 0:05:28]} 20. fxg5
{[%clk 0:48:36]} hxg5 {[%clk 0:05:39]} 21. Rxd7 {[%clk 0:48:07]} Rxd7
{[%clk 0:06:04]} 22. Qxd7 {[%clk 0:48:31]} gxh4 {[%clk 0:06:31]} 23. gxh4
{[%clk 0:43:40]} Kh8 {[%clk 0:01:25]} 24. Qd3 {[%clk 0:43:13]} Rd8
{[%clk 0:00:58]} 25. Qh3 {[%clk 0:41:30]} Bh6 {[%clk 0:00:57]} 26. Bc1
{[%clk 0:37:45]} Bxc1 {[%clk 0:01:22]} 27. Rxc1 {[%clk 0:38:10]} e4
{[%clk 0:01:34]} 28. Rf1 {[%clk 0:36:16]} Nce5 {[%clk 0:01:34]} 29. Nc3
{[%clk 0:35:25]} Rg8 {[%clk 0:01:11]} 30. Nd4 {[%clk 0:34:11]} Qh6
{[%clk 0:00:36]} 31. Nxf5 {[%clk 0:30:20]} Qb6+ {[%clk 0:01:02]} 32. e3
{[%clk 0:30:41]} Nf3+ {[%clk 0:01:29]} 33. Kh1 {[%clk 0:29:21]} Nfh2
{[%clk 0:01:45]} 34. Rf4 {[%clk 0:22:18]} Qa5 {[%clk 0:02:06]} 35. Nxe4
{[%clk 0:21:28]} Qe1+ {[%clk 0:02:27]} 36. Bf1 {[%clk 0:21:53]} Qb1
{[%clk 0:00:43]} 37. Nfd6 {[%clk 0:19:53]} 1-0

[Event "Team men PL final"]
[Site "Sochi"]
[Date "2018.05.07"]
[Round "6.27"]
[White "Timofeev, Artyom"]
[Black "Skatchkov, Valery"]
[Result "1/2-1/2"]
[BlackElo "2338"]
[WhiteElo "2579"]
[LiveChessVersion "1.4.8"]

1. e4 {[%clk 1:30:54]} e5 {[%clk 1:30:37]} 2. Nf3 {[%clk 1:31:14]} Nf6
{[%clk 1:30:40]} 3. Nxe5 {[%clk 1:31:19]} d6 {[%clk 1:30:52]} 4. Nf3
{[%clk 1:31:40]} Nxe4 {[%clk 1:31:16]} 5. Bd3 {[%clk 1:31:41]} Nf6
{[%clk 1:29:32]} 6. O-O {[%clk 1:31:45]} Be7 {[%clk 1:29:49]} 7. c3
{[%clk 1:30:31]} O-O {[%clk 1:29:25]} 8. Bc2 {[%clk 1:30:50]} Bg4
{[%clk 1:27:16]} 9. d4 {[%clk 1:29:30]} d5 {[%clk 1:19:54]} 10. Qd3
{[%clk 1:20:14]} Ne4 {[%clk 1:08:30]} 11. Qe3 {[%clk 0:57:38]} Bf5
{[%clk 1:02:30]} 12. c4 {[%clk 0:55:22]} c6 {[%clk 0:43:45]} 13. cxd5
{[%clk 0:49:40]} cxd5 {[%clk 0:42:48]} 14. Nc3 {[%clk 0:49:27]} Re8
{[%clk 0:35:00]} 15. Nxe4 {[%clk 0:47:42]} dxe4 {[%clk 0:35:19]} 16. Bxe4
{[%clk 0:47:39]} Bd6 {[%clk 0:34:55]} 17. Ne5 {[%clk 0:46:53]} Bxe5
{[%clk 0:34:43]} 18. dxe5 {[%clk 0:47:13]} Rxe5 {[%clk 0:34:30]} 19. Qf4
{[%clk 0:39:07]} Rxe4 {[%clk 0:34:15]} 20. Qxf5 {[%clk 0:39:30]} Qe8
{[%clk 0:32:32]} 21. Bd2 {[%clk 0:38:35]} Nc6 {[%clk 0:32:35]} 22. Rfe1
{[%clk 0:38:14]} Re5 {[%clk 0:23:02]} 23. Rxe5 {[%clk 0:37:18]} Qxe5
{[%clk 0:23:17]} 24. Qxe5 {[%clk 0:37:40]} Nxe5 {[%clk 0:23:43]} 25. Bc3
{[%clk 0:38:03]} Nc6 {[%clk 0:23:03]} 26. Rd1 {[%clk 0:38:24]} f6
{[%clk 0:22:49]} 27. Kf1 {[%clk 0:38:37]} Rd8 {[%clk 0:22:39]} 28. Rxd8+
{[%clk 0:38:49]} Nxd8 {[%clk 0:23:07]} 29. Ke2 {[%clk 0:39:10]} Kf7
{[%clk 0:23:26]} 30. Kd3 {[%clk 0:39:30]} Ke6 {[%clk 0:22:51]} 31. Kc4
{[%clk 0:39:12]} Kd6 {[%clk 0:23:00]} 32. a4 {[%clk 0:36:39]} Ne6
{[%clk 0:23:17]} 33. Bd2 {[%clk 0:36:19]} Kc6 {[%clk 0:23:14]} 34. b4
{[%clk 0:36:30]} a6 {[%clk 0:23:36]} 35. b5+ {[%clk 0:36:53]} axb5+
{[%clk 0:24:02]} 36. axb5+ {[%clk 0:37:18]} Kd6 {[%clk 0:24:23]} 37. f4
{[%clk 0:37:22]} g6 {[%clk 0:21:53]} 38. g3 {[%clk 0:37:11]} Nc7 {[%clk 0:16:37]}
39. Bb4+ {[%clk 0:35:01]} Kd7 {[%clk 0:13:19]} 40. Kc5 {[%clk 1:00:15]} h5
{[%clk 0:41:25]} 41. Ba3 {[%clk 0:58:51]} Ne8 {[%clk 0:41:31]} 42. Kb6
{[%clk 0:55:32]} Kc8 {[%clk 0:41:47]} 43. Bb2 {[%clk 0:48:31]} Kb8
{[%clk 0:38:17]} 44. Kc5 {[%clk 0:35:11]} Kc8 {[%clk 0:38:44]} 45. b6
{[%clk 0:33:14]} Kd7 {[%clk 0:39:02]} 46. Kd5 {[%clk 0:33:38]} g5
{[%clk 0:29:40]} 47. fxg5 {[%clk 0:32:49]} fxg5 {[%clk 0:30:07]} 48. Ke5
{[%clk 0:33:13]} Nd6 {[%clk 0:28:54]} 49. Kf6 {[%clk 0:31:54]} g4
{[%clk 0:27:31]} 50. Kg5 {[%clk 0:31:12]} Nc4 {[%clk 0:27:57]} 51. Bc3
{[%clk 0:28:09]} Ke6 {[%clk 0:27:38]} 52. Kxh5 {[%clk 0:28:12]} Kf5
{[%clk 0:28:05]} 53. Kh4 {[%clk 0:28:33]} Nxb6 {[%clk 0:28:28]} 54. h3 gxh3
{[%clk 0:28:55]} 55. Kxh3 {[%clk 0:29:22]} 1/2-1/2

[Event "Team men PL final"]
[Site "Sochi"]
[Date "2018.05.07"]
[Round "6.28"]
[White "Natacheev, Peter"]
[Black "Iljin, Artem"]
[Result "0-1"]
[BlackElo "2528"]
[WhiteElo "2243"]
[LiveChessVersion "1.4.8"]

1. d4 {[%clk 1:30:42]} Nf6 {[%clk 1:30:16]} 2. Nf3 {[%clk 1:31:00]} e6
{[%clk 1:29:48]} 3. e3 {[%clk 1:30:22]} b6 {[%clk 1:26:43]} 4. a3
{[%clk 1:30:28]} Bb7 {[%clk 1:26:36]} 5. c4 {[%clk 1:30:32]} g6 {[%clk 1:17:40]}
6. Be2 {[%clk 1:24:23]} Bg7 {[%clk 1:17:02]} 7. O-O {[%clk 1:23:56]} O-O
{[%clk 1:13:23]} 8. b4 {[%clk 1:22:22]} c5 {[%clk 1:07:49]} 9. Bb2
{[%clk 1:20:12]} Nc6 {[%clk 0:55:41]} 10. bxc5 {[%clk 1:13:31]} bxc5
{[%clk 0:55:55]} 11. Nc3 {[%clk 1:13:26]} cxd4 {[%clk 0:43:15]} 12. exd4
{[%clk 1:12:07]} Ne7 {[%clk 0:38:05]} 13. Rb1 {[%clk 1:08:28]} Qc7
{[%clk 0:29:04]} 14. a4 {[%clk 0:53:02]} Ne4 {[%clk 0:14:37]} 15. Nb5
{[%clk 0:43:22]} Qd8 {[%clk 0:14:21]} 16. Ba3 {[%clk 0:42:34]} Bc6
{[%clk 0:11:14]} 17. Qc2 {[%clk 0:39:57]} a6 {[%clk 0:10:52]} 18. Nd6
{[%clk 0:39:48]} Nxd6 {[%clk 0:11:14]} 19. Bxd6 {[%clk 0:40:14]} Re8
{[%clk 0:11:32]} 20. Rfd1 {[%clk 0:37:20]} Nf5 {[%clk 0:09:00]} 21. Be5
{[%clk 0:34:49]} Qa5 {[%clk 0:08:30]} 22. Bxg7 {[%clk 0:31:57]} Kxg7
{[%clk 0:08:57]} 23. g4 {[%clk 0:17:55]} Ne7 {[%clk 0:05:07]} 24. Ne5
{[%clk 0:15:05]} Rab8 {[%clk 0:04:12]} 25. Nxc6 {[%clk 0:13:37]} dxc6
{[%clk 0:03:25]} 26. Qa2 {[%clk 0:10:57]} Red8 {[%clk 0:01:39]} 27. Qa3
{[%clk 0:11:00]} Rxb1 {[%clk 0:01:14]} 28. Rxb1 {[%clk 0:11:29]} Rd7
{[%clk 0:01:40]} 29. Qa1 {[%clk 0:10:53]} Qg5 {[%clk 0:01:25]} 30. Qc3
{[%clk 0:10:31]} Qf6 {[%clk 0:01:35]} 31. Qe3 {[%clk 0:09:16]} g5
{[%clk 0:01:06]} 32. Rb6 {[%clk 0:03:05]} a5 {[%clk 0:01:13]} 33. Ra6
{[%clk 0:02:42]} Ng6 {[%clk 0:00:54]} 34. Rxa5 {[%clk 0:02:47]} Nf4
{[%clk 0:01:18]} 35. Bf1 {[%clk 0:01:40]} h6 {[%clk 0:01:17]} 36. Qe5
{[%clk 0:01:12]} Rxd4 {[%clk 0:01:03]} 37. Qxf6+ {[%clk 0:01:22]} Kxf6
{[%clk 0:01:29]} 38. Rc5 {[%clk 0:01:03]} Rd1 {[%clk 0:01:09]} 39. f3
{[%clk 0:00:34]} Ra1 {[%clk 0:01:18]} 40. a5 {[%clk 0:30:51]} Ne2+
{[%clk 0:30:46]} 41. Kf2 {[%clk 0:28:06]} Nd4 {[%clk 0:30:02]} 42. Bd3
{[%clk 0:26:57]} Ke7 {[%clk 0:12:02]} 43. Re5 {[%clk 0:25:07]} Kd6
{[%clk 0:11:28]} 44. Re3 {[%clk 0:24:40]} Rxa5 {[%clk 0:11:44]} 45. Bf1
{[%clk 0:24:51]} Ra2+ {[%clk 0:11:16]} 46. Kg1 {[%clk 0:24:59]} f5
{[%clk 0:05:18]} 47. gxf5 {[%clk 0:24:24]} exf5 {[%clk 0:05:43]} 48. Bg2
{[%clk 0:24:16]} Ne2+ {[%clk 0:04:49]} 49. Kh1 {[%clk 0:24:18]} Ra1+
{[%clk 0:02:31]} 50. Bf1 {[%clk 0:24:46]} Rxf1+ {[%clk 0:02:52]} 51. Kg2
{[%clk 0:25:15]} Rg1+ {[%clk 0:02:26]} 52. Kf2 {[%clk 0:25:38]} Rc1
{[%clk 0:02:34]} 53. Rxe2 {[%clk 0:25:28]} Rxc4 {[%clk 0:03:00]} 54. Re8
{[%clk 0:25:54]} Rh4 {[%clk 0:02:40]} 55. Kg2 {[%clk 0:25:05]} c5
{[%clk 0:03:03]} 56. Rf8 {[%clk 0:25:28]} c4 {[%clk 0:01:47]} 57. Rxf5
{[%clk 0:24:28]} c3 {[%clk 0:02:13]} 58. Rf8 {[%clk 0:24:53]} Rc4
{[%clk 0:02:30]} 59. Rd8+ {[%clk 0:25:11]} Ke5 0-1

[Event "Team men PL final"]
[Site "Sochi"]
[Date "2018.05.07"]
[Round "6.29"]
[White "Hasangatin, Ramil"]
[Black "Pogorelskikh, Sergey"]
[Result "1-0"]
[BlackElo "2142"]
[WhiteElo "2502"]
[LiveChessVersion "1.4.8"]

1. Nf3 {[%clk 1:30:53]} Nf6 {[%clk 1:30:55]} 2. c4 {[%clk 1:31:18]} g6
{[%clk 1:31:20]} 3. b4 {[%clk 1:31:05]} Bg7 {[%clk 1:28:52]} 4. Bb2
{[%clk 1:30:59]} O-O {[%clk 1:28:40]} 5. e3 {[%clk 1:31:11]} c6 {[%clk 1:27:03]}
6. Be2 {[%clk 1:28:30]} d5 {[%clk 1:23:50]} 7. O-O {[%clk 1:28:29]} Bg4
{[%clk 1:17:22]} 8. Qb3 {[%clk 1:26:34]} Nbd7 {[%clk 1:15:44]} 9. h3
{[%clk 1:19:47]} dxc4 {[%clk 1:08:46]} 10. Qxc4 {[%clk 1:19:56]} Nb6
{[%clk 1:08:45]} 11. Qc2 {[%clk 1:19:03]} Bxf3 {[%clk 1:02:32]} 12. Bxf3
{[%clk 1:19:02]} a5 {[%clk 1:02:36]} 13. bxa5 {[%clk 1:12:59]} Rxa5
{[%clk 1:02:29]} 14. Nc3 {[%clk 1:12:58]} Nc4 {[%clk 0:59:42]} 15. Bc1
{[%clk 1:12:48]} Nd5 {[%clk 0:58:39]} 16. Bxd5 {[%clk 1:00:32]} cxd5
{[%clk 0:58:19]} 17. Rb1 {[%clk 1:01:01]} Qd7 {[%clk 0:54:51]} 18. Rb4
{[%clk 0:57:24]} e6 {[%clk 0:49:52]} 19. Qb3 {[%clk 0:52:04]} Nd6
{[%clk 0:48:46]} 20. Bb2 {[%clk 0:46:51]} b5 {[%clk 0:45:55]} 21. Rb1
{[%clk 0:45:01]} Rc8 {[%clk 0:38:53]} 22. d3 {[%clk 0:41:56]} Rca8
{[%clk 0:33:46]} 23. a3 {[%clk 0:38:36]} h5 {[%clk 0:32:53]} 24. Rc1
{[%clk 0:38:27]} Bf8 {[%clk 0:32:11]} 25. Nxd5 {[%clk 0:32:17]} exd5
{[%clk 0:29:53]} 26. Qc3 {[%clk 0:32:21]} f6 {[%clk 0:27:47]} 27. Qxf6
{[%clk 0:32:41]} Bg7 {[%clk 0:26:42]} 28. Qxg6 {[%clk 0:32:18]} Ne8
{[%clk 0:21:12]} 29. Rc6 {[%clk 0:26:33]} Rc8 {[%clk 0:18:28]} 30. Rxc8
{[%clk 0:23:44]} Qxc8 {[%clk 0:18:27]} 31. Rf4 {[%clk 0:20:19]} Ra6
{[%clk 0:09:20]} 32. Qf7+ {[%clk 0:18:08]} Kh7 {[%clk 0:09:34]} 33. Rf5
{[%clk 0:16:36]} Rh6 {[%clk 0:09:30]} 34. Rg5 {[%clk 0:16:20]} 1-0

[Event "Team men PL final"]
[Site "Sochi"]
[Date "2018.05.07"]
[Round "6.30"]
[White "Vdovin, Maxim"]
[Black "Faizrakhmanov, Ramil"]
[Result "1/2-1/2"]
[BlackElo "2419"]
[WhiteElo "2139"]
[LiveChessVersion "1.4.8"]

1. d4 {[%clk 1:30:57]} Nf6 {[%clk 1:30:47]} 2. Nf3 {[%clk 1:31:23]} g6
{[%clk 1:31:02]} 3. g3 {[%clk 1:31:43]} Bg7 {[%clk 1:30:54]} 4. Bg2
{[%clk 1:32:06]} O-O {[%clk 1:30:59]} 5. c4 {[%clk 1:32:21]} d6 {[%clk 1:31:06]}
6. Nc3 {[%clk 1:32:28]} Nbd7 {[%clk 1:31:24]} 7. O-O {[%clk 1:32:45]} e5
{[%clk 1:31:40]} 8. h3 {[%clk 1:26:39]} c6 {[%clk 1:31:40]} 9. e4
{[%clk 1:26:52]} Qb6 {[%clk 1:31:46]} 10. dxe5 {[%clk 1:21:14]} Nxe5
{[%clk 1:28:53]} 11. Nxe5 {[%clk 1:14:36]} dxe5 {[%clk 1:29:15]} 12. b3
{[%clk 1:14:19]} Re8 {[%clk 1:25:13]} 13. Be3 {[%clk 1:14:01]} Qc7
{[%clk 1:24:05]} 14. Qc2 {[%clk 1:13:47]} Nd7 {[%clk 1:22:24]} 15. Rad1
{[%clk 1:12:54]} Bf8 {[%clk 1:19:15]} 16. Kh2 {[%clk 1:06:28]} b6
{[%clk 1:16:37]} 17. Rd2 {[%clk 0:46:47]} Bc5 {[%clk 1:16:05]} 18. Qd3
{[%clk 0:43:45]} Bxe3 {[%clk 1:14:54]} 19. Qxe3 {[%clk 0:44:05]} Nc5
{[%clk 1:15:07]} 20. f4 {[%clk 0:42:16]} exf4 {[%clk 1:09:50]} 21. Qxf4
{[%clk 0:42:33]} Qxf4 {[%clk 1:00:26]} 22. gxf4 {[%clk 0:42:45]} a5
{[%clk 0:56:14]} 23. e5 {[%clk 0:41:57]} Bb7 {[%clk 0:56:04]} 24. Ne4
{[%clk 0:42:02]} Nxe4 {[%clk 0:54:03]} 25. Bxe4 {[%clk 0:42:27]} Rad8
{[%clk 0:53:26]} 26. Rfd1 {[%clk 0:42:37]} Rxd2+ {[%clk 0:49:50]} 27. Rxd2
{[%clk 0:43:04]} f6 {[%clk 0:49:39]} 28. Rd6 {[%clk 0:41:59]} fxe5
{[%clk 0:49:16]} 29. fxe5 {[%clk 0:42:24]} Rxe5 {[%clk 0:49:34]} 30. Bxc6
{[%clk 0:42:50]} Bxc6 {[%clk 0:49:30]} 31. Rxc6 {[%clk 0:43:14]} b5
{[%clk 0:49:32]} 32. cxb5 {[%clk 0:43:40]} Rxb5 {[%clk 0:49:38]} 33. Rc2
{[%clk 0:43:16]} Kg7 {[%clk 0:49:36]} 34. Rf2 {[%clk 0:43:40]} Rc5
{[%clk 0:49:15]} 35. Kg3 {[%clk 0:44:03]} g5 {[%clk 0:49:08]} 36. Rd2
{[%clk 0:44:14]} h5 {[%clk 0:49:25]} 37. Kg2 {[%clk 0:43:26]} Kf6
{[%clk 0:49:23]} 38. a3 {[%clk 0:43:03]} Rc3 {[%clk 0:49:09]} 39. Rd5
{[%clk 0:42:57]} Rxb3 {[%clk 0:49:23]} 40. Rxa5 {[%clk 1:13:23]} Rb2+
{[%clk 1:19:29]} 41. Kg1 {[%clk 1:13:48]} 1/2-1/2